Szegedi festő elismerése
Elmentve itt :
| Dokumentumtípus: | Cikk |
|---|---|
| Megjelent: |
1985-12-18
|
| Sorozat: | Délmagyarország
75 No. 296 |
| Kulcsszavak: | Várkonyi Gyula |
| Online Access: | http://dmarchiv.bibl.u-szeged.hu/101316 |
| LEADER | 00398nab a2200145 i 4500 | ||
|---|---|---|---|
| 001 | delm101316 | ||
| 005 | 20190906085959.0 | ||
| 008 | 190906s1985 hu o 0|| hun d | ||
| 040 | |a SZTE Délmagyarország Archívum |b hun | ||
| 041 | |a hun | ||
| 245 | 0 | 0 | |a Szegedi festő elismerése |h [elektronikus dokumentum] |
| 260 | |c 1985-12-18 | ||
| 300 | |a 8 | ||
| 490 | 0 | |a Délmagyarország |v 75 No. 296 | |
| 695 | |a Várkonyi Gyula | ||